Computer accounting with quickbooks 2018

保存先:
書誌詳細
第一著者:  Kay, Donna
フォーマット: Sách
言語:Undetermined
出版事項:  McGraw-Hill Education  2019
主題:
タグ: タグ追加
タグなし, このレコードへの初めてのタグを付けませんか!
Thư viện lưu trữ: Trung tâm Thư viện - Trường Đại học Công nghiệp TP. Hồ Chí Minh
LEADER 00561nam a2200157Ia 4500
001 UIH_05565
008 231011s9999 xx 000 0 und d
082 |a  657.9042 
100 |a  Kay, Donna 
245 0 |a  Computer accounting with quickbooks 2018 
245 0 |c  Kay, Donna 
260 |b  McGraw-Hill Education 
260 |c  2019 
650 |a  Small business; Small business; Kế toán doanh nghiệp; Tài chính doanh nghiệp;  
927 |a Sách 
980 |a Trung tâm Thư viện - Trường Đại học Công nghiệp TP. Hồ Chí Minh